000 00814nam a2200205 a 4500
001 000022552
005 20220823125739.0
008 101013s1999 dr c 000 0 spa d
040 _aDO-SdBNP
_bspa
_cBNPHU
082 _a332.1224
_bS159b
100 1 _aSaladín Selin, Roberto B.,
_d1936-
_96281
245 1 3 _aEl Banco de Reservas hacia el siglo XXI /
_cRoberto B. Saladín Selin.
260 _aSanto Domingo :
_bBanco de Reservas de la República Dominicana,
_c1999.
300 _a386 p. :
_bretrs. ;
_c24 cm.
500 _aIncluye datos biográficos del autor en la contracubierta
504 _aIncluye referencias bibliográficas y notas al pie de las páginas
590 _aInventariado, 2018/MFF
610 2 0 _aBanco de Reservas de la República Dominicana
_96285
910 _aValidado. Control de calidad MFF
999 _c22049
_d22049